| Tag |
First Indicator |
Second Indicator |
Subfields |
| LEADER |
00000cam a2200000 4500 |
| 001 |
in00003476421 |
| 005 |
20151206122632.0 |
| 008 |
800303s1965 gw 00000ager |
| 010 |
|
|
|a 68071788
|
| 035 |
|
|
|a (OCoLC)ocm06047002
|
| 040 |
|
|
|a DLC
|c MNM
|d m.c.
|d OCL
|d TNY
|d UtOrBLW
|
| 090 |
|
|
|a PT2611.R814
|b Z52 1965
|
| 100 |
1 |
|
|a Frisch, Max,
|d 1911-1991.
|
| 245 |
1 |
0 |
|a Tagebuch, 1946-1949.
|
| 264 |
|
1 |
|a [Frankfurt am Main] :
|b Suhrkamp Verlag,
|c [1965]
|
| 300 |
|
|
|a 463 pages ;
|c 19 cm.
|
| 336 |
|
|
|a text
|b txt
|2 rdacontent
|
| 337 |
|
|
|a unmediated
|b n
|2 rdamedia
|
| 338 |
|
|
|a volume
|b nc
|2 rdacarrier
|
| 999 |
|
|
|a MARS
|
| 999 |
f |
f |
|s 6198096a-3943-3ca6-aebc-d52e47f5cb04
|i aa33ff6d-5daa-38db-a659-613b03ead69c
|t 0
|
| 952 |
f |
f |
|p ric
|a Texas A&M University
|b Rellis Campus
|c Joint Library Facility
|d Remote Storage
|t 0
|e PT2611.R814 Z52 1965
|h Library of Congress classification
|i unmediated -- volume
|m 32060001399456
|
| 998 |
f |
f |
|a PT2611.R814 Z52 1965
|t 0
|l Remote Storage
|